| 000 | 01136cam a22002771i 4500 | ||
|---|---|---|---|
| 003 | SA-RiAUC | ||
| 005 | 20250427053156.0 | ||
| 008 | 241120q19001999su g b 00000 ara c | ||
| 040 |
_aSA-JeALM _bara _cSA-RiAUC _erda |
||
| 082 | 0 | 4 | _a253.2 |
| 090 |
_a253.2 _bر و ب |
||
| 100 | 1 |
_aالروبي، ربيع محمود _eمؤلف. |
|
| 245 | 1 | 0 |
_aبيع المرابحة للواعد الملزم بالشراء والدور التنموي للمصارف الإسلامية / _cربيع محمود الروبي. |
| 264 | 1 |
_aمكة المكرمة : _bجامعة أم القرى، _c1991 |
|
| 300 |
_a62 صفحة ؛ _c22 سم. |
||
| 336 |
_aنص _btxt _2rdacontent _3كتاب |
||
| 337 |
_aبدون وسيط _bn _2rdamedia |
||
| 338 |
_aمجلد _bnc _2rdacarrier |
||
| 440 | 0 |
_aسلسلة بحوث الدراسات الإسلامية _v12 |
|
| 504 | _aببليوجرافية : صفحة 59. | ||
| 650 | 7 |
_aالمرابحة (فقه إسلامي) _2aucsh |
|
| 650 | 7 |
_aالبيع (فقه إسلامي) _2aucsh |
|
| 650 | 7 |
_aالبنوك الإسلامية _2aucsh |
|
| 942 |
_2ddc _cBOOK _n0 |
||
| 949 |
_aSA-JeALM _d241120 _umohamedma123 _n1 |
||
| 999 |
_c7242 _d7242 |
||